Mathematics for Modern Economics

Uložené v:
Podrobná bibliografia
Hlavný autor: Morley, Richard
Médium: Kniha
Jazyk:English
Vydavateľské údaje: London Fontana 1972
Vydanie:1. ed.
Tagy: Pridať tag
Žiadne tagy, Buďte prvý, kto otaguje tento záznam!

MARC

LEADER 00000nam a2200000 4500
001 c034214
005 20221220102212.8
041 0 |a eng 
044 |a GB 
245 1 0 |a Mathematics for Modern Economics  |c Richard Morley 
250 |a 1. ed. 
264 1 |a London  |b Fontana  |c 1972 
300 |a 285 s. 
100 1 |a Morley, Richard